|
|
|
|
| LEADER |
00000nab a22000001a 4500 |
| 001 |
vtls010306592 |
| 003 |
SK-MaSNL |
| 005 |
20260303091441.0 |
| 008 |
110826d1931 xo |r|p|||| |000 b|slo |
| 015 |
|
|
|a SNBRRBVU1918-1938
|
| 038 |
|
|
|a SNKBUCL
|
| 038 |
|
|
|a SNKBUVU
|
| 040 |
|
|
|a SNKBUVU
|b slo
|c SNKBUCL
|e AACR2
|
| 041 |
0 |
|
|a slo
|
| 044 |
|
|
|a xo
|c SK
|
| 080 |
|
|
|a 75.077
|2 1997
|
| 080 |
|
|
|a 741.5
|2 1997
|
| 100 |
1 |
|
|a Radványi, Celestín Anton,
|d 1911-1978
|4 aut
|9 146607
|
| 245 |
1 |
0 |
|a Študent v dobe predhistorickej
|c Radványi
|
| 650 |
0 |
7 |
|a humoristické kresby
|2 MM
|9 1099743
|
| 655 |
|
7 |
|a reprodukcie výtvarných diel
|2 MM
|9 310790
|
| 773 |
0 |
|
|t Svojeť
|g Roč. 8, č. 4 (1931/32), s. 102
|
| 852 |
|
|
|a SNK
|b KIS3GCP
|
| 910 |
|
|
|a snkrbvumm
|
| 958 |
|
|
|a VY
|
| 999 |
|
|
|c 1807621
|d 1809551
|